00496nam a2200193 a 4500001001300000003000900013005001700022008004100039020000800080082001500088100002200103245002000125260004000145300000800185500003500193505002600228650002600254700002200280nice12345678IN_TiNIC20260116011805.0050524s0000 deoa grp 000 0 urd  ac100a297.8bMUT aMuti-Ul-Haq, Mohd aChalees Bidaten aDeobandbMaktaba Zia-Ul-Uloomc0000 a64p aincludes index and biblioraphy2 aworld christian books aIslam-Sects-Conflicts1 aMuti-Ul-Haq, Mohd